Biblioteca

El gran divorcio : un sueño / C.S. Lewis ; traducción de José Luis del Barco (Registro nro. 36985)

Detalles MARC
000 -LÍDER
Campo fijo de descripción fija 010900000a22002170004500
001 - NÚMERO DE CONTROL
Campo de control 6719
020 ## - NÚMERO INTERNACIONAL NORMALIZADO PARA LIBROS
Número Internacional Normalizado del libro 978-84-321-3137-0
041 0# - CÓDIGO DE IDIOMA
Código de idioma para texto/pista de sonido o título separado
082 04 - NÚMERO DE CLASIFICACIÓN DECIMAL DEWEY
Número de clasificación G 823.912 L6731g
100 1# - ASIENTO PRINCIPAL--NOMBRE PERSONAL
Nombre personal Lewis, C. S. 1898-1963
245 10 - TÍTULO
Título del Material El gran divorcio : un sueño / C.S. Lewis ; traducción de José Luis del Barco
250 ## - MENCIÓN DE EDICIÓN
Mención de edición 3
260 ## - PUBLICACIÓN, DISTRIBUCIÓN, ETC. (PIE DE IMPRENTA)
Lugar de publicación, distribución, etc. Alcalá, Madrid
300 ## - DESCRIPCIÓN FÍSICA
Extensión 153 p.
501 ## - NOTA DE “CON”
Nota de Contenido En rústico
500 ## - NOTA GENERAL
Nota General Título original en inglés: The grea divorce
600 14 -
-- Lewis, C. S. 1898-1963
650 14 - ASIENTO SECUNDARIO DE MATERIA - TERMINO TEMÁTICO
Término temático o nombre geográfico como elemento de entrada LITERATURA FANTASTICA \ LITERATURA DE FICCION \ LITERATURA RELIGIOSA \ BIEN Y MAL \ TEOLOGIA DOGMATICA
942 ## - TIPO DE MATERIAL (KOHA)
Tipo de Item KOHA Libros General
Existencias
Estado de Material Estado de Perdido Estado de Dañado No para Préstamo Colección Tomo Biblioteca de Origen Biblioteca Permanente Fecha de Adquisición Total de Préstamos Signatura Topográfica Código de Barras Última vez visto Última vez Préstado Ejemplar/Existencia Fecha de Remplazo Tipo de Material
        Colección General   Biblioteca FUSBC Biblioteca FUSBC 10/04/2013 4 G 823.912 L6731g 17709 04/06/2022 31/05/2022 1 26/01/2016 Libros General

Biblioteca FUSBC | Teléfono: (57+4) 349 88 10 Ext. 141| WhatsApp (+57) 3005338115 
E-mail: biblioteca@unisbc.edu.co | Calle 76 87-14 Robledo Palenque, Medellín, Colombia

Con tecnología Koha